00475nam a22001457a 4500003000400000082002100004100000800025245008400033260004900117300001000166546001200176942001300188999001900201952010900220OSt aIR KAU/PLANbVII aKAU aProposals for annual plan ( 1989 - 90 ) of seventh five year plan ( 1985 - 90 ) aVellanikkarabKerala Agricultural University a49 p. aEnglish 2ddccREP c158037d158037 00102ddc40718IRaKAUCLVbKAUCLVcIRd2018-01-04l0oIR KAU/PLAN VIIp808496r2018-01-04 00:00:00yIR